| 000 | 00384nam a2200145Ia 4500 | ||
|---|---|---|---|
| 008 | 230917s9999||||xx |||||||||||||| ||und|| | ||
| 040 |
_e9408 _aMAIN |
||
| 041 | _aEnglish | ||
| 082 | _a320.947 T573O | ||
| 100 | _aTokes, Rudolf L, ed. | ||
| 245 | 0 | _aOppsition in Eastern Europe | |
| 260 |
_aBaltimore _bJohns Hopkins University Press _c1979 |
||
| 300 | _axxiv, 306 p. | ||
| 942 | _cBK | ||
| 999 |
_c212459 _d212459 |
||